000 00934nam a22003017a 4500
001 0057233
003 KOHA_MİRAKIL
005 20260207004114.0
007 ta
008 160425b1997 tu |||gr||||#||||0|tur |
020 _a9753480911
040 _aTR-BiSEU
_btur
_cTR-BiSEU
_erda
041 0 _atur
044 _ctu
050 _aML410.Y67
_bS46 1997
100 1 _aŞenel, Süleyman.
245 1 _aKastamonulu aşık Yorgansız Hakkı Çavuş/
_cSüleyman Şenel ; Süleyman Şenel.
264 1 _aİstanbul :
_b [y.y.]
_c1997
300 _a268 sayfa: resimli; 25 cm.
336 _ametin
_btxt
_2rdacontent
337 _aaracısız
_bn
_2rdamedia
338 _acilt
_bnc
_2rdacarrier
650 0 _aMüzik --Türkiye
_9105008
650 0 _aMusic--Turkey.
_963331
650 0 _a Halk şarkıları, Türk --Türkiye--Kastamonu.
_9106011
650 0 _aFolk songs, Turkish-- Turkey--Kastamonu.
_9106012
942 _2lcc
_cBK
999 _c57038
_d57038